Largest City in Each Missouri County on a Map - Statistics

General Stats
  • This quiz has been taken 3 times
  • The average score is 33 of 115
Answers on the Map
Answers color-coded by a green-red scale on the quiz's map according to % correct below.
 
Answer Stats
County Answer Population % Correct
Cape Girardeau Cape Girardeau 40,508
100%
Boone Columbia 129,330
100%
Cole Jefferson City 42,552
100%
Jasper Joplin 53,095
100%
Jackson Kansas City 510,704
100%
Christian Nixa 25,405
100%
Butler Poplar Bluff 16,132
100%
Scott Sikeston 16,085
100%
Greene Springfield 170,188
100%
St. Louis City St. Louis 281,754
100%
St. Clair Appleton City 1,077
50%
Jefferson Arnold 21,059
50%
Douglas Ava 3,157
50%
Cass Belton 25,534
50%
Polk Bolivar 11,338
50%
Cooper Boonville 7,782
50%
Pike Bowling Green 4,341
50%
Taney Branson 12,897
50%
Pemiscot Caruthersville 5,228
50%
Henry Clinton 9,416
50%
Crawford Cuba 3,198
50%
Stoddard Dexter 7,878
50%
St. Francois Farmington 18,362
50%
St. Louis Florissant 51,128
50%
Pulaski Fort Leonard Wood 15,317
50%
Madison Fredericktown 4,518
50%
Callaway Fulton 12,473
50%
Marion Hannibal 16,838
50%
Iron Ironton 1,447
50%
Dunklin Kennett 10,117
50%
Stone Kimberling City 2,395
50%
Adair Kirksville 17,483
50%
Laclede Lebanon 15,429
50%
Clay Liberty 30,794
50%
Macon Macon 5,495
50%
Saline Marshall 13,642
50%
Nodaway Maryville 10,309
50%
Audrain Mexico 11,507
50%
Randolph Moberly 13,296
50%
Wright Mountain Grove 4,645
50%
Newton Neosho 13,328
50%
Vernon Nevada 8,262
50%
St. Charles O'Fallon 94,074
50%
Camden Osage Beach 4,856
50%
Perry Perryville 8,506
50%
Phelps Rolla 20,423
50%
Pettis Sedalia 22,086
50%
Ste. Genevieve Ste. Genevieve 5,037
50%
Buchanan St. Joseph 70,634
50%
Lincoln Troy 14,591
50%
Carter Van Buren 761
50%
Johnson Warrensburg 19,673
50%
Warren Warrenton 9,298
50%
Benton Warsaw 2,328
50%
Franklin Washington 15,450
50%
Howell West Plains 12,598
50%
Gentry Albany 1,705
0%
Lawrence Aurora 7,512
0%
Maries Belle 1,381
0%
Harrison Bethany 2,923
0%
Linn Brookfield 4,072
0%
Dallas Buffalo 3,462
0%
Bates Butler 4,257
0%
Moniteau California 4,520
0%
Clinton Cameron 7,324
0%
Lewis Canton 2,736
0%
Carroll Carrollton 3,478
0%
Mississippi Charleston 4,483
0%
Livingston Chillicothe 9,044
0%
Ripley Doniphan 1,801
0%
Knox Edina 1,009
0%
Miller Eldon 4,602
0%
Cedar El Dorado Springs 3,595
0%
Reynolds Ellington 773
0%
Howard Fayette 2,805
0%
Ozark Gainesville 774
0%
Daviess Gallatin 1,854
0%
Worth Grant City 789
0%
Dade Greenfield 1,230
0%
Caldwell Hamilton 1,694
0%
Hickory Hermitage 638
0%
Clark Kahoka 1,975
0%
Barton Lamar 4,302
0%
Schuyler Lancaster 677
0%
Texas Licking 2,967
0%
Osage Linn 1,424
0%
Bollinger Marble Hill 1,375
0%
Webster Marshfield 7,845
0%
DeKalb Maysville 1,093
0%
Scotland Memphis 1,718
0%
Sullivan Milan 1,759
0%
Barry Monett 10,000
0%
Monroe Monroe City 2,655
0%
Montgomery Montgomery City 2,801
0%
Holt Mound City 1,012
0%
Ralls New London 968
0%
McDonald Noel 2,180
0%
Lafayette Odessa 5,638
0%
Gasconade Owensville 2,796
0%
Platte Parkville 8,859
0%
Wayne Piedmont 1,861
0%
New Madrid Portageville 2,764
0%
Washington Potosi 2,540
0%
Mercer Princeton 988
0%
Ray Richmond 5,958
0%
Dent Salem 4,713
0%
Chariton Salisbury 1,567
0%
Andrew Savannah 5,072
0%
Shelby Shelbina 1,567
0%
Atchison Tarkio 1,458
0%
Oregon Thayer 1,898
0%
Grundy Trenton 5,622
0%
Putnam Unionville 1,709
0%
Morgan Versailles 2,639
0%
Shannon Winona 981
0%
No matching quizzes found
Score Distribution
Percent of People with Each Score
Percentile by Number Answered
Your Score History
You have not taken this quiz